000 00263nam a2200121Ia 4500
082 _a615.19
_bP05B
100 _aBEEKTT, A.H.
245 _aPRACTICAL PHARMACEUTICAL CHEMISTRY
260 _bCBS- DELHI
300 _a326
650 _aCHEMISTRY
942 _2ddc
_cBK
_01
999 _c7182
_d7182